| 000 | 01104 a2200325 4500 | ||
|---|---|---|---|
| 999 |
_c200129841 _d31245 |
||
| 001 | 200129841 | ||
| 003 | TR-AnTOB | ||
| 005 | 20210714142703.0 | ||
| 007 | ta | ||
| 008 | 130614n tu tur | ||
| 040 |
_aTR-AnTOB _beng _erda _cTR-AnTOB |
||
| 041 | 1 |
_atur _heng |
|
| 050 | 1 | 4 |
_aBP173.7 _b.B55419 2008 |
| 090 |
_aBP173.7 _b.B55419 2008 |
||
| 100 | 1 |
_aButto, Benazir _990875 |
|
| 240 | 1 | 0 |
_aReconciliation : Islam, democracy, and the West _lTurkish. |
| 245 | 1 | 0 |
_aUzlaşma : _bislam, demokrasi ve batı / _cBenazir Butto ; çeviri Osman Hakan Çiloğlu. |
| 264 | 1 |
_aAnkara: _bPakistan İslam Cumhuriyeti Büyükelçiliği, _c[2008]. |
|
| 300 |
_a36 pages ; _c21 cm |
||
| 336 |
_2rdacontent _atext _btxt |
||
| 337 |
_2rdamedia _aunmediated _bn |
||
| 338 |
_2rdacarrier _avolume _bnc |
||
| 600 | 1 | 0 |
_aBhutto, Benazir, _d1953-2007 _990876 |
| 650 | 0 |
_aİslam ve dünya siyaseti _2etuturkob _924208 |
|
| 650 | 7 |
_aDünya politikası _2etuturkob _96466 |
|
| 651 | 7 |
_aPakistan _xSiyaset ve yönetim _2etuturkob _917115 |
|
| 700 | 1 |
_aÇiloğlu, Osman Hakan _etranslator _990877 |
|
| 942 |
_cBK _2lcc |
||